| 000 | 00680nam a22001937a 4500 | ||
|---|---|---|---|
| 999 |
_c170958 _d170958 |
||
| 005 | 20191231143708.0 | ||
| 010 | _aA-511499 | ||
| 020 |
_c125.00 _a- |
||
| 035 | _aA-511499 | ||
| 037 | _bBPPD | ||
| 082 | _a841.08 | ||
| 100 | _aحا مد ی کا شمير ی | ||
| 245 |
_aجد يد شعر ی منظر نا مہ _cحا مد ی کا شمير ی |
||
| 246 |
_aJadeed Shairi Manzar nama (Urdu) _bby Hamidi kashmiri |
||
| 260 |
_aKashmir _c1990 ء _bIdara Adab |
||
| 270 |
_aShalimar Srinagar _bKasmir _k- _e- |
||
| 300 |
_a231 ص _c22 cm(hb) |
||
| 942 |
_2ddc _cUR _h841.08 _mح ا م |
||